000
00247nam a2200109Ia 4500
008
200302s9999 xx 000 0 und d
100
_a
Kormondy
245
_a
Concepts of Ecology
260
_b
Prentice-Hall Inc.
260
_c
1998
300
_a
559 P.,
999
_c
1359
_d
1359